000 00917nac a22002531u 4500
010 _a 2006043889
020 _a0849372852 (acid-free paper)
020 _a9780849372858
035 _a(OCoLC)ocm64898291
082 0 0 _a666
_bR1471
090 _c1916
_d1916
100 _aRahaman, M. N.,
245 1 0 _aCeramic processing /
_cMohamed N. Rahaman.
260 _aBoca Raton, FL :
_bCRC/Taylor & Francis,
_cc2007.
300 _a473 p. :
_bill. ;
_c27 cm.
504 _aIncludes bibliographical references and index.
650 0 _aCeramics.
650 0 _aCeramic engineering.
650 0 _aPolycrystals.
650 0 _aSintering.
856 4 2 _3Publisher description
_uhttp://www.loc.gov/catdir/enhancements/fy0654/2006043889-d.html
942 _cBB
_k666
999 _c1916
_d1916